00361cas a2200121 a 4500022001400000040000800014082002600022100005700048245001800105260005800123650001900181710003900200 a1943-7692 cN@F a632 PLA 1981 C134 Or. aAmerican Phytopathological Society, SerialsSolutions00aPlant disease aSt. Paul, Minn. :bAmerican Phytopathological Society 0aPlant diseases2 aAmerican Phytopathological Society